Prueba de precálculo: para evaluar el desarrollo del razonamiento matemático en niños de 4 a 7 años

Uloženo v:
Podrobná bibliografie
Hlavní autor: Schmidt M., Sandra (Autor)
Médium: Kniha
Jazyk:španělština
Vydáno: Santiago Galdoc 1991
Témata:
Tagy: Přidat tag
Žádné tagy, Buďte první, kdo vytvoří štítek k tomuto záznamu!

MARC

LEADER 00000nam a2200000 a 4500
001 UCX9628
003 CL-VaPUC
008 940617e19910000CL |||||||||||||||||spa|d
082 0 4 |a 372.7  |b MIL  |2 21 
700 0 |a Schmidt M., Sandra  |e author  |9 327073 
245 1 0 |a Prueba de precálculo: para evaluar el desarrollo del razonamiento matemático en niños de 4 a 7 años 
300 |a 24 p 
942 |c BK 
945 |d 19940617 00:00:00  |a rbrito 
260 |a Santiago  |b Galdoc  |c 1991 
650 0 |a Apresto  |9 309174 
650 0 |a Matemática  |9 260235 
650 0 |a Aptitud matemática  |9 327075 
650 7 |a TESTS DE APTITUD  |2 CL-VaPUC  |9 327076 
583 |a last modification  |c 19940617 00:00:00  |k Rodrigo Vera 
999 |c 228810  |d 228808 
952 |0 0  |1 0  |4 0  |6 372_700000000000000_MIL_1991  |7 0  |8 R  |9 229245  |a BIBEDU  |b BIBEDU  |c MCIRC  |d 2019-11-15  |i 297245K  |o 372.7 MIL 1991  |p 297245K  |r 2023-01-13  |w 2019-11-15  |y BK_R  |k EDU